000 00423nam a2200193Ia 4500
003 OSt
005 20221005113716.0
006 a|||||r|||| 00| 0
007 ta
008 221004b |||||||| |||| 00| 0 eng d
024 _a112634
037 _cTextual
040 _aCRL
_cCRL
_beng
041 _2eng
_aeng
100 _aJagat
245 0 _aAdabi Rasala
942 _cTEXL
_2cc
999 _c1029011
_d1029011